Normal view
MARC view
- MEMS AND MICROSYSTEMS. MICROELECTRONICS.MICROELECTRONIC PACKAGING ., MICROELECTROMECHANICAL SYSTEMS
Entry Topical Term
001 - CONTROL NUMBER
- control field: 64553
003 - CONTROL NUMBER IDENTIFIER
- control field: NUST
005 - DATE AND TIME OF LATEST TRANSACTION
- control field: 20210628203310.0
008 - FIXED-LENGTH DATA ELEMENTS
- fixed length control field: 210628|| aca||aabn | a|a d
040 ## - CATALOGING SOURCE
- Original cataloging agency: NUST
- Transcribing agency: NUST
150 ## - HEADING--TOPICAL TERM
- Topical term or geographic name entry element: MEMS AND MICROSYSTEMS. MICROELECTRONICS.MICROELECTRONIC PACKAGING ., MICROELECTROMECHANICAL SYSTEMS
670 ## - SOURCE DATA FOUND
- Source citation: Work cat.: (NUST): Hsu, Tai Ran 64552, Mems and microsystems , design and manufacture, 2002
